| 000 | 00449pab a2200145 454500 | ||
|---|---|---|---|
| 008 | 180718b1985 xxu||||| |||| 00| 0 eng d | ||
| 100 | _aRozell, Mark J. | ||
| 245 |
_aThe role of general accounting office evaluation in the post reform congress _bThe case of general revenue sharing |
||
| 260 | _c1985 | ||
| 300 | _a267-90 | ||
| 362 | _aSept. | ||
| 650 | _aShared Taxes | ||
| 773 | _aInternational Journal of Public Administration | ||
| 909 | _a18079 | ||
| 999 |
_c18079 _d18079 |
||